| 000 | 01602cab a22003615a 4500 | ||
|---|---|---|---|
| 001 | L145885 | ||
| 008 | 081119e20081115xxk f 000 0 eng d | ||
| 035 | _a(Sirsi) u145885 | ||
| 041 | 0 | _aeng | |
| 100 | 1 | _aJoyce, Jacqui | |
| 245 | 0 | 0 | _aOn your costs be it |
| 260 | _c2008 | ||
| 490 |
_aEstates Gazette _v(0845) 15 November 2008, 92-93(2) |
||
| 520 | _aAuthor describes mediation as popular with the judiciary and advises parties that it may often be the best option when seeking to resolve disputes. Promotes the benefits of mediations, describes punitive measures for those who refuse mediation and provides examples of recent case law. | ||
| 590 | _aKA | ||
| 650 | 2 | 4 | _aR (ON THE APPLICATION OF COWL) V PLYMOUTH CITY COUNCIL |
| 650 | 2 | 4 | _aSOCIETE INTERNATIONALE DE TELECOMMUNICATIONS AERONAUTIQUES SC V WYATT CO (UK) LTD |
| 650 | 2 | 4 | _aVALENTINE V ALLEN |
| 650 | 2 | 4 | _aWETHERED ESTATE LTD V DAVIS |
| 650 | 2 | 4 | _aDANIELS V COMMISSIONER OF POLICE OF THE METROPOLIS |
| 650 | 2 | 4 | _aDUNNETT V RAILTRACK PLC |
| 650 | 2 | 4 | _aDYSON V LEEDS CC |
| 650 | 2 | 4 | _aLEICESTER CIRCUITS LTD V COATES BROTHERS PLC |
| 650 | 2 | 4 | _aNIGEL WITHAM SMITH LTD V SMITH |
| 650 | 2 | 4 | _aEARL OF MALMESBURY V STRUTT & PARKER |
| 650 | 2 | 4 | _aHALSEY V MILTON KEYNES GENERAL NHS TRUST |
| 650 | 2 | 4 | _aHICKMAN V BLAKE LAPTHORN (COSTS) |
| 650 | 2 | 4 | _aBURCHELL V BULLARD AND OTHERS |
| 650 | 2 | 4 | _aCHANTREY VELLACOTT V CONVERGENCE GROUP PLC |
| 651 | 4 |
_aUnited Kingdom _y |
|
| 690 | _aMANAGEMENT-DISPUTE AVOIDANCE, MANAGEMENT AND RESOLUTION-DISPUTE MANAGEMENT AND RESOLUTION-ALTERNATIVE DISPUTE RESOLUTION | ||
| 942 | _n0 | ||
| 999 |
_c80965 _d80965 |
||